Who Am I? Football Edition - Statistics

General Stats
  • This quiz has been taken 58 times
  • The average score is 5 of 15
Answer Stats
Hint Player % Correct
I spent 16 years at Barcelona, before leaving for Japan in 2018. Andres Iniesta
100%
I am best known for my 25 yard volley in the World Cup 2014 and the £63M transfer that followed. James Rodriguez
76%
I joined Dalian Yifang in 2019 after 12 years at Napoli. Marek Hamsik
61%
I scored 24 goals in the 2019 MLS Season and have made 72 appearances in 13 years for the Mexico national team. Carlos Vela
55%
In 2015 I was one of the hottest young prospects in football. My career went off the rails at Manchester United but it has been revived in the French League. Memphis Depay
53%
I am known as one of the " Guardians of the Gulacsi " for my team's strong defensive record. Dayot Upamecano
37%
I was named the " Future of English football " by Xavi following my impressive performance against Barcelona in the 2011 Champions League. Jack Wilshere
26%
I scored the winner in a 2011-12 Manchester Derby that ultimately lead my team to our first ever Premier League title. Vincent Kompany
26%
I was the first footballer to be diagnosed with the Coronavirus in the Serie A, but have since made a full recovery. Daniele Rugani
24%
I will be joining Chelsea in the summer following the early cancellation of my league. Hakim Ziyech
24%
Mostly known for my winner against Aston Villa in 2009, I was loaned out 6 times by Manchester United before being permanently offloaded to Cardiff City in 2014. Federico Macheda
18%
Branded as too fat to play by Harry Redknapp, I have had unsuccessful spells with Benfica and Genoa. Adel Taarabt
16%
I scored in a 6-1 trashing of Liverpool in 2015, and joined Sevilla in that same summer. Steven Nzonzi
13%
I scored a hat trick against Fulham in a London Derby in 2014, then, 4 years later, joined Fulham. Andre Schurrle
11%
I scored as many goals in the 2013-14 Premier League season as Stoke City goalkeeper Asmir Begovic, despite being a striker. Ricky Van Wolfswinkel
3%
No matching quizzes found
Score Distribution
Percent of People with Each Score
Percentile by Number Answered
Your Score History
You have not taken this quiz